Dôsledky za nepodanie daňového priznania v predĺženej lehote

Fyzické a právnické osoby mali aj v roku 2017 možnosť predĺžiť si lehotu na podanie priznania za rok 2016 do 30.6. alebo do 30.9.2017. Do 30.9. len tí daňovníci, ktorých súčasťou príjmov sú príjmy plynúce zo zdrojov v zahraničí. Sankcie, ktoré im hrozia, ak túto lehotu nestihli.

Guardado en:
Detalles Bibliográficos
Autor principal: Boráková, Marta
Formato: Capítulo de libro
Lenguaje:eslovaco
Materias:
Etiquetas: Agregar Etiqueta
Sin Etiquetas, Sea el primero en etiquetar este registro!

MARC

LEADER 00000naa a2200000 4500
001 0236820
005 20171025135713.0
041 0 |a slo 
044 |a SK 
245 1 0 |a Dôsledky za nepodanie daňového priznania v predĺženej lehote  |c Marta Boráková 
520 |a Fyzické a právnické osoby mali aj v roku 2017 možnosť predĺžiť si lehotu na podanie priznania za rok 2016 do 30.6. alebo do 30.9.2017. Do 30.9. len tí daňovníci, ktorých súčasťou príjmov sú príjmy plynúce zo zdrojov v zahraničí. Sankcie, ktoré im hrozia, ak túto lehotu nestihli. 
610 2 0 |a príjmy 
610 2 0 |a zdaňovanie 
610 2 0 |a daňovníci 
610 2 0 |a priznania daňové 
610 2 0 |a sankcie 
100 1 |a Boráková, Marta